💗Name That! Vampire Diaries Character [1] - Statistics

General Stats
  • This quiz has been taken 62 times
  • The average score is 14 of 16
Answer Stats
Picture Answer % Correct
Elena Gilbert
98%
Damon Salvatore
96%
Tyler Lockwood
96%
Bonnie Bennett
93%
Jeremy Gilbert
93%
Katherine Pierce
93%
Stefan Salvatore
93%
Caroline Forbes
91%
Klaus Mikaelson
91%
Matt Donovan
89%
Elijah Mikaelson
87%
Alaric Saltzman
84%
Anna Zhu
84%
Rebekah Mikaelson
84%
Kol Mikaelson
82%
Finn Mikaelson
73%
No matching quizzes found
Score Distribution
Percent of People with Each Score
Percentile by Number Answered
Your Score History
You have not taken this quiz